000
00246nam a2200097Ia 4500
001
679809
005
20250826161329.0
008
250824s9999 xx 000 0 und d
245
0
_a
SESSİZ YÜREK
_c
NECATİ GÜNGÖR
260
_b
GÜNIŞIĞI YAYINLARI
999
_c
679809
_d
679809